Celos aun del aire matan /

Bibliographic Details
Main Author: Hidalgo, Juan, 1614-1685
Other Authors: Calderón de la Barca, Pedro, 1600-1681, Stroud, Matthew D.
Format: Book
Language:English
Spanish
Published: San Antonio : Trinity University Press, [1981]

MARC

Tag First Indicator Second Indicator Subfields
LEADER 00000cam a2200000 a 4500
001 in00000088226
005 20151008063105.0
008 810521s1981 txua b 00010 eng
010 |a  80054543  
020 |a 0911536906 
035 |a (OCoLC)07551734 
035 |9 AAK1561AM 
039 0 |a 2  |b 3  |c 3  |d 3  |e 3 
040 |a DLC  |c DLC  |d TXA  |d UtOrBLW 
041 0 |a eng  |a spa 
049 |a TXAM  |c [802389] 
050 0 0 |a ML50 H62  |b  C42 1981 
082 0 |a 782.1/2  |2 19 
100 1 |a Hidalgo, Juan,  |d 1614-1685. 
245 1 0 |a Celos aun del aire matan /  |c Pedro Calderon de la Barca ; an edition with introduction, translation, and notes by Matthew D. Stroud ; foreword by Jack Sage. 
264 1 |a San Antonio :  |b Trinity University Press,  |c [1981] 
264 4 |c ©1981 
300 |a 219 pages :  |b illustrations ;  |c 27 cm. 
336 |a text  |b txt  |2 rdacontent 
337 |a unmediated  |b n  |2 rdamedia 
338 |a volume  |b nc  |2 rdacarrier 
500 |a Illustrations on lining papers. 
500 |a Opera libretto ; music by Hidalgo. 
500 |a Introductory material in English. 
504 |a Bibliography: pages 211-218. 
700 1 2 |a Hidalgo, Juan,  |d 1614-1685.  |t Celos aun del aire matan.  |p Libretto.  |l English. 
700 1 2 |a Hidalgo, Juan,  |d 1614-1685.  |t Celos aun del aire matan.  |p Libretto.  |l Spanish. 
700 1 |a Calderón de la Barca, Pedro,  |d 1600-1681.  |t Celos aun del aire matan. 
700 1 |a Stroud, Matthew D. 
999 |a MARS 
999 f f |s da029b1c-12e1-303a-b5ac-f9b7a6f19e7c  |i 038fffbb-f933-3dcb-af00-e0e1982159f9  |t 0 
952 f f |p ric  |a Texas A&M University  |b Rellis Campus  |c Joint Library Facility  |d Remote Storage  |t 0  |e ML50 H62 C42 1981  |h Library of Congress classification  |i unmediated -- volume  |m A14805975231 
998 f f |a ML50 H62 C42 1981  |t 0  |l Remote Storage